000
00323nam a22001097a 4500
040
_c
SK
082
_a
571
100
_a
ROBERT MARTIN
245
_a
រុក្ខជាតិចង្រៃនៃដំណាំចំការក្នុងប្រទេសកម្ពុជា
260
_a
ACIAR
_b
ROB
_c
2009
942
_c
KB
999
_c
9545
_d
9545